000
00201 a2200097 4500
001
43282
100
_a
Graves
245
_a
White goddess
260
_a
London
_b
Faber & Faber
_c
090
_c
27123
_d
27123
942
_a
NUST-CAE
_c
M
_c
19029
999
_c
278355
_d
278355